000 00781nam a2200217 4500
999 _c18743
_d18743
003 AR-CdUCM
008 190312b ||||| |||| 00| 0 spa d
040 _aMUNICIPALIDAD PROVINCIAL DEL CUSCO
_cBIBLIOTECA MUNICIPAL DEL CUSCO
082 _a498.51 /
_bP59
100 _aPino Duran, A. German
_939515
245 _aRunasimi :
_bGramática quechua critico comparada, lecciones teórico prácticas del idioma incaico /
260 _aArequipa :
_bUniversitaria,
_c1972.
300 _a193 paginas ;
_c25 cm.
505 _aContenido : El quechua y su estudio -- Pronombres -- Adjetivo -- Conjunción...
650 _aLengua quechua
_97426
650 _aAnalogías
_920994
650 _asintaxis
_910821
650 _aNociones generales
_939516
942 _2ddc
_cLIBROS
945 _arcc